000 00389pab a2200157 454500
008 180718b2003 xxu||||| |||| 00| 0 eng d
100 _asingh, Jija Madhavan H.
245 _aWomen leaders in police on international law enforcement issues
260 _c2003
300 _ap.36-42.
362 _aApr
650 _aPolice
650 _aWomen
773 _aCBI Bulletin
909 _a58051
999 _c58051
_d58051